Top 10 des marques préférées des français - 2021 - Statistiques

Statistiques générales
  • Ce quiz a été pris 424 fois
  • Le résultat moyen est 2 sur 10
Statistiques - réponses
Rang Marque % Correct
1_ Danone
76%
4_ Lu
34%
7_ Panzani
17%
3_ Bonne Maman
10%
6_ Lindt
7%
9_ Barilla
6%
2_ St Michel
6%
5_ Amora
5%
10_ La Laitière
5%
8_ Carte d'Or
1%
Aucun quiz correspondant
Distribution des résultats
% des personnes avec chaque résultat
Percentile par nombre de réponses
Votre historique - résultats
Vous n’avez pas pris ce quiz